Представление документа в формате RUSMARC

ПолеНазваниеЗначение
  Тип записи a
  Библиографический уровень m
001 Контрольный номер 9510b4e5-f201-4165-931b-6c88c95ff662
005 Дата корректировки 20140820192402.0
100 Данные общей обработки __
a Данные общей обработки 20101028 |||y0 y0189 ca
101 Язык документа __
a Язык текста rus
105 Кодированные данные (монография) __
a Кодированные данные (монография) zy
200 Заглавие и сведения об ответственности 0_
a Заглавие Концепция и анализ денежных потоков [текст]
e Сведения, относящиеся к заглавию Методические указания
f Первые сведения об ответственности Т.Б.Иззука
210 Выходные данные __
a Место издания М.
c Издательство РУК
d Дата издания 2010
215 Физическое описание __
a Объем 33с.
606 Тематические рубрики __
a Основная рубрика Финансы
610 Ключевые слова __
a Ключевые слова финансы
a Ключевые слова анализ денежных потоков
a Ключевые слова денежные потоки
675 Индекс УДК __
a Индекс УДК 336.642
686 Индексы других классификаций __
a Классификационный индекс 65.053.9(2)
2 Код системы rubbk
700 Автор _1
a Фамилия Иззука
b Имя Т.Б.
801 Источник записи _0
a Страна
b Организация ККИ
c Дата составления 20101028
852 Данные о местонахождении __
h Классификационный индекс 336
i Авторский знак И36
899 Данные о местонахождении __
b Место хранения УчФ
t Номер экземпляра 1
h Классификационная часть РШ 336
i Авторский знак И36
901 Тип документа __
t Тип документа m
938 Служебная информация __
a Название организации Краснодарский филиал
b Имя БД Методические пособия
c Название АИБС АИБС Библиотека